The legal risk management handbook : an international guide to protect your business from legal loss (Record no. 544127)

MARC details
000 -LEADER
fixed length control field 01247nam a2200205Ia 4500
008 - FIXED-LENGTH DATA ELEMENTS--GENERAL INFORMATION
fixed length control field 240825s9999 xx 000 0 und d
020 ## - INTERNATIONAL STANDARD BOOK NUMBER
ISBN 9780749477974
Paper back/Hardbound pbk
041 ## - LANGUAGE CODE
Language code of text/sound track or separate title eng
082 ## - DEWEY DECIMAL CLASSIFICATION NUMBER
Classification number 340.068
Item number WHA
100 ## - MAIN ENTRY--AUTHOR NAME
Personal name Whalley, Matthew
245 #4 - TITLE STATEMENT
Title The legal risk management handbook : an international guide to protect your business from legal loss
Statement of responsibility, etc / Matthew Whalley and Chris Guzelian
250 ## - EDITION STATEMENT
Edition statement 1st ed.
260 ## - PUBLICATION, DISTRIBUTION, ETC. (IMPRINT)
Year of publication 2017
Place of publication London
Name of publisher Kogan Page
300 ## - PHYSICAL DESCRIPTION
Number of Pages xiii, 217 p.
Other physical details : ill.
Dimensions ; 24 cm.
504 ## - BIBLIOGRAPHY, ETC. NOTE
Bibliography, etc Includes bibliographies and index
520 ## - SUMMARY, ETC.
Summary, etc Legal risk covers all areas of business where regulation and the law impact on operations and decisions. From risks arising from contract drafting and management, through to regulators' new focus on conduct, as well as compliance, regulatory and dispute risks, the effective management of legal risk is key for organizations that want to maximise value while minimizing cost and exposure to legal losses. The Legal Risk Management Handbook is a practical guide to making sure your business is legal, protected and making the most of its opportunities. Written by experts in law and risk management.
650 ## - SUBJECT ADDED ENTRY--TOPICAL TERM
Topical Term Corporate governance Law and legislation
700 ## - ADDED ENTRY--PERSONAL NAME
Personal name Guzelian, Chris
942 ## - ADDED ENTRY ELEMENTS (KOHA)
Koha item type Reference
Holdings
Withdrawn status Lost status Damaged status Not for loan Home library Current library Shelving location Date acquired Cost, normal purchase price Full call number Accession Number Price effective from Koha item type
        Anna Centenary Library Anna Centenary Library 4TH FLOOR, A WING 17.07.2024 4759.94 340.068 WHA 696185 25.08.2024 Reference

Find us on the map